Loga klubów Ekstraklasa 2025/26 - Statystyki

Ogólne statystyki
  • Ten quiz został rozwiązany 10 846 razy
    5 313 od ostatniego zresetowania
  • Średni wynik to 16 z 18
Statystyki odpowiedzi
Obrazkowy Odpowiedź % Poprawnych
Legia Warszawa
98%
Cracovia
97%
Jagiellonia Białystok
97%
Lech Poznań
97%
Górnik Zabrze
95%
Pogoń Szczecin
94%
Arka Gdynia
92%
Korona Kielce
92%
Raków Częstochowa
92%
Lechia Gdańsk
90%
Piast Gliwice
89%
Wisła Płock
89%
Radomiak Radom
88%
Widzew Łódź
87%
Motor Lublin
86%
Bruk-Bet Termalica Nieciecza
82%
GKS Katowice
81%
Zagłębie Lubin
79%
Nie znaleziono quizów pasujących do podanych kryteriów
Rozkład punktacji
Procent ludzi z każdym wynikiem
Percentyl według liczby udzielonych odpowiedzi
Twoja historia wyników
Nie rozwiązałeś tego quizu od ostatniego zresetowania